It looks like you're offline.
Open Library logo
additional options menu

MARC record from Internet Archive

LEADER: 02673cam 2200589 i 4500
001 ocn907195712
003 OCoLC
005 20220427232143.0
008 150818t20152015oncc b 000 0deng
040 $aNLC$beng$erda$cNLC$dBTCTA$dBDX$dYDXCP$dCUV$dNZAUC$dNLC$dOCLCF$dOCLCO$dOCLCA$dOCL$dNLC$dCNEDM$dOCLCO
015 $a20159050995$2can
016 $a(AMICUS)000043947296
020 $a9781928088080$q(paperback)
020 $a1928088082
035 $a(OCoLC)907195712
043 $an-cn-ab
050 4 $aS522.C2$bB88 2015
055 02 $aS522*
055 0 $aS522 C3$bB88 2015
082 04 $a630.97123/1$223
084 $acci1icc$2lacc
084 $acoll13$2lacc
100 1 $aButler, Jenna,$eauthor.
245 12 $aA profession of hope :$bfarming on the edge of the Grizzly Trail /$cJenna Butler.
264 1 $aHamilton, ON :$bWolsak and Wynn Publishers Ltd.,$c[2015]
264 4 $c©2015
300 $a141 pages :$bportrait ;$c22 cm.
336 $atext$btxt$2rdacontent
337 $aunmediated$bn$2rdamedia
338 $avolume$bnc$2rdacarrier
504 $aIncludes bibliographical references (pages 137-141).
520 $a"Early in the winter of 2006, Jenna Butler found herself standing on a cold country road, looking over an unpromising quarter section [in Canada, 160 acres] of northern bush. With the glow of her car's headlights, she surveyed an abandoned grain bin, listened to the howl of a coyote pack and the call of a great horned owl, and knew a switch had flipped inside her. Passionate about small farming and organic practices, Butler and her partner have withstood drought, floods, insects and their neighbors' disbelief over the past nine years to create Larch Grove Farm"--Publisher's description.
600 10 $aButler, Jenna.
650 0 $aFarm life$zAlberta, Northern.
650 0 $aOrganic farming$zAlberta, Northern.
650 0 $aFrontier and pioneer life$zAlberta, Northern.
600 15 $aButler, Jenna,$d1980-
600 16 $aButler, Jenna,$d1980-
650 6 $aVie à la ferme$zAlberta (Nord)
650 6 $aAgriculture biologique$zAlberta (Nord)
650 6 $aVie des pionniers$zAlberta (Nord)
650 7 $aFarm life.$2fast$0(OCoLC)fst00921052
650 7 $aFrontier and pioneer life.$2fast$0(OCoLC)fst00935370
650 7 $aOrganic farming.$2fast$0(OCoLC)fst01047688
651 7 $aNorthern Alberta.$2fast$0(OCoLC)fst01692697
938 $aYBP Library Services$bYANK$n12605281
938 $aBaker and Taylor$bBTCP$nBK0016837974
938 $aBrodart$bBROD$n112375863
029 1 $aNZ1$b16269311
029 0 $aNLC$b000043947296
994 $aZ0$bP4A
948 $hNO HOLDINGS IN P4A - 42 OTHER HOLDINGS